000
00253nam a22001097a 4500
041
_a
ENG
245
_a
Guide For Palletization Of Cashew Kernels For Export
260
_a
New Delhi
_b
BIS
_c
1985
300
_a
08
650
_a
BIS Code
856
_u
BIS Code
999
_c
2117
_d
2117